Loading...
| Science - Other | 0 | 5 | 1 | 1 | 45 | 72 | 101.80 | 2 | 5 | 0.00 | 0.00 |
| Science - Biology | 0 | 4 | 0 | 0 | 40 | 89 | 102.25 | 1 | 4 | 0.00 | 0.00 |
| Science - Physics | 0 | 4 | 1 | 0 | 35 | 99 | 116.75 | 0 | 3 | 0.00 | 0.00 |
| Science - Chemistry | 0 | 3 | 1 | 0 | 25 | 60 | 86.33 | 3 | 3 | 0.00 | 0.00 |
| History - American | 0 | 2 | 0 | 0 | 20 | 103 | 104.50 | 0 | 1 | 0.00 | 0.00 |
| Mythology | 0 | 3 | 2 | 0 | 20 | 103 | 109.00 | 0 | 2 | 0.00 | 0.00 |
| Other Academic | 0 | 1 | 0 | 1 | 10 | 92 | 92.00 | 0 | 1 | 0.00 | 0.00 |
| Literature - British | 0 | 1 | 0 | 0 | 10 | 107 | 107.00 | 0 | 1 | 0.00 | 0.00 |
| Fine Arts - Classical Music | 0 | 1 | 0 | 0 | 10 | 135 | 135.00 | 0 | 0 | 0.00 | 0.00 |
| Philosophy | 0 | 1 | 0 | 0 | 10 | 133 | 133.00 | 0 | 1 | 0.00 | 0.00 |
| Literature - European | 0 | 0 | 0 | 0 | 0 | 0.00 | 0 | 0 | 0.00 | 0.00 | |
| History - World | 0 | 0 | 0 | 0 | 0 | 0.00 | 0 | 0 | 0.00 | 0.00 |